| 000 | 00871nam a2200217Ii 4500 | ||
|---|---|---|---|
| 003 | JO-AjNU | ||
| 008 | 230605s9999||||xx |||||||||||||| ||und|| | ||
| 040 |
_aJO-AjNU _bara _erda _cJO-AjNU |
||
| 041 | _aara | ||
| 050 | 1 | 4 | _aBP144 1982 |
| 100 | 3 |
_aالحنفي،اسعد بن محمد بن الحسين النيسابوري ، تحقيق: محمد طمطوم ، مراجعة عبد الستار ابو غده, _eauthor _943735 |
|
| 245 | 0 | 0 | _aالفروق للكرابيسي، ج1 |
| 250 | _aط1 | ||
| 264 | 3 | 1 | _aالكويت: وزارة الاوقاف والشؤون الاسلامية، 1982 |
| 300 | _aج1، 364ص | ||
| 336 |
_atext _btxt _2rdacontent |
||
| 337 |
_aunmediated _bn _2rdamedia |
||
| 338 |
_avolume _bnc _2rdacarrier |
||
| 490 | 0 | _aاعمال موسوعية مساعدة(تحقيق التراث الفقهي) | |
| 650 | 4 |
_aفقه اسلامي _943736 |
|
| 999 |
_aA18823 _c22391 _d22391 |
||